000 00397nam a2200169Ia 4500
003 OSt
005 20240124132012.0
008 230312s9999||||xx |||||||||||||| ||und||
040 _cabc
082 _a616.07572
_bKAT-P
100 _aKathleen;Clark
245 0 _aPositioning in Radiograghy
260 _bHeinemann
_aIndia
_c1986
300 _a418
650 _aMedical
_vRadiology
942 _cBK
_2ddc
999 _c4588
_d4588